00757nam a2200145 a 450000100100000000500170001000800410002704000250006808200150009324502940010826000580040230000210046095201130048199900170059400003564420200930074510.0111107s1938 ag 000 0 spa d aDO-SdBNPbspacBNPHU axxxxbC35700aCatálogo cronológico de reales cédulas órdenes, decretos, provisiones, etc., referentes a América 1508-1810 :bseguido de un índice alfabético de nombres de persona y otro auxiliar de lugares, instituciones, órdenes religiosas, pueblos indígenas, mitos, animales y cosas. aBuenos Aires :bBiblioteca Nacional Argentina,c1938. a302 p. ;c26 cm. 001050718MOaGRbGRcCTd2011-11-07iLF1l0oxxxx C357p35644-10r2020-06-25w2020-06-25y1ZNo se presta c35135d35135